|
|
|
|
| LEADER |
00954nam a22001937a 4500 |
| 008 |
150115b xxu||||| |||| 00| 0 eng d |
| 020 |
|
|
|a 9780000186409
|
| 082 |
|
|
|a 928 PAD/VAD
|
| 100 |
|
|
|a വടവാതൂര്, അനില്കുമാര്
|
| 240 |
|
|
|a Bharatha kesari Mannathu Padmanabhan
|
| 245 |
|
|
|a ഭാരതകേസരി മന്നത്ത് പത്മനാഭന് /
|c അനില്കുമാര് വടവാതൂര്
|
| 260 |
|
|
|a കോട്ടയം :
|b സാഹിത്യപ്രവര്ത്തക സഹകരണസംഘം,
|c 2011.
|
| 300 |
|
|
|a 288p.
|
| 600 |
|
|
|a Mannathu Padmanabhan
|
| 650 |
|
|
|a Vadavathoor, Anil Kumar
|
| 700 |
|
|
|a Vadavathoor, Anil Kumar
|
| 942 |
|
|
|2 ddc
|c BK
|
| 999 |
|
|
|c 9701
|d 9701
|
| 952 |
|
|
|0 0
|1 0
|2 ddc
|4 0
|6 928_000000000000000_PADVAD
|7 0
|9 13682
|a MAIN
|b MAIN
|d 2015-01-15
|e National Book Stall
|g 205.00
|l 3
|o 928 PAD/VAD
|p 13800
|r 2019-01-19
|s 2018-12-19
|t 1
|w 2015-01-15
|y BK
|